Les lieux principaux de Fortnite - Statistiques

Statistiques générales
  • Ce quiz a été pris 242 fois
    241 depuis la dernière actualisation
  • Le résultat moyen est 14 sur 34
Statistiques - réponses
Hint Réponse % Correct
Saison 1-9 Salty springs
88%
Saison 2-8 Tilted towers
77%
Saison 1-9 Pleasant park
76%
Saison 1-8 Retail row
72%
Saison 1-4 Anarchy acres
57%
Saison 1-3 Dusty depot
55%
Saison 3-9 Lucky landing
55%
Saison 1-9 Fatal fields
54%
Saison 1-9 Loot lake
52%
Saison 9 Neo tilted
51%
Saison 1-6 Greasy grove
50%
Saison 4-9 Dusty divot
49%
Saison 2-9 Haunted hills
47%
Saison 1-9 Lonely lodge
47%
Saison 5-9 Paradise palms
47%
Saison 2-9 Snobby shores
47%
Saison 2-9 Junk junction
45%
Saison 1-6 Flush factory
42%
Saison 1-4 Moisty mire
41%
Saison 1-5 Tomato town
35%
Saison 5-7 Lazy links
34%
Saison 7-9 Polar peak
34%
Saison 1-7 Wailing woods
34%
Saison 9 Mega mall
32%
Saison 4-7 Risky reels
31%
Saison 2-9 Shifty shafts
30%
Saison 8-9 Lazy lagoon
26%
Saison 5-7 Tomato temple
25%
Saison 7-9 Happy hamlet
22%
Saison 8-9 Sunny steps
15%
Saison 7-9 Frosty flights
14%
Saison 9 Pressure plant
11%
Saison 6 Leaky lake
7%
Saison 7-9 The Block
5%
Aucun quiz correspondant
Distribution des résultats
% des personnes avec chaque résultat
Percentile par nombre de réponses
Votre historique - résultats
Vous n’avez pas pris ce quiz depuis la dernière actualisation